|
|
|
|
| LEADER |
01180pam a22003378a 4500 |
| 001 |
00046174 |
| 005 |
20201216101254.0 |
| 008 |
201216s2019####-vm#################vie|d |
| 020 |
# |
# |
|c 0
|a 9786045542590
|
| 041 |
0 |
# |
|a vie
|
| 082 |
0 |
4 |
|a 959.731
|b K312Đ
|
| 245 |
0 |
0 |
|a Kinh đô Thăng Long những khám phá khảo cổ học
|c Tống Trung Tín (ch.b.), Hà Văn Cẩn, Đỗ Đức Tuệ...
|
| 260 |
# |
# |
|a Hà Nội
|b Hà Nội
|c 2019
|
| 300 |
# |
# |
|a 379tr.
|b ảnh
|c 29cm
|
| 490 |
# |
# |
|a Tủ sách Thăng Long 1000 năm
|
| 504 |
# |
# |
|a Thư mục: tr. 375-379
|
| 653 |
# |
# |
|a Hà Nội
|
| 653 |
# |
# |
|a Di tích lịch sử
|
| 653 |
# |
# |
|a Khảo cổ học
|
| 653 |
# |
# |
|a Sách ảnh
|
| 653 |
# |
# |
|a Kinh đô
|
| 655 |
# |
7 |
|2 Bộ TK TVQG
|a Sách ảnh
|
| 700 |
1 |
# |
|a Nguyễn Ngọc Quý
|e b.s.
|
| 700 |
1 |
# |
|a Trần Ngọc Thiều
|e b.s.
|
| 700 |
1 |
# |
|a Hà Văn Cẩn
|e b.s.
|
| 700 |
1 |
# |
|a Tống Trung Tín
|e ch.b.
|
| 700 |
1 |
# |
|a Đỗ Đức Tuệ
|e b.s.
|
| 852 |
# |
# |
|j KD.0027711
|
| 930 |
|
|
|a T010464
|b 13/01/2020
|
| 941 |
|
|
|a DP ; T
|b XH
|
| 980 |
# |
# |
|a Trung tâm Học liệu Lê Vũ Hùng, Trường Đại học Đồng Tháp
|